Central Library and Information Centre
Sibsagar Girls' College, Sivasagar : Assam

PHYSICAL GEOGRAPHY (Record no. 7838)

MARC details
000 -LEADER
fixed length control field 00415cam a2200181ua 4500
008 - FIXED-LENGTH DATA ELEMENTS--GENERAL INFORMATION
fixed length control field 120104n1983 II |||gr||||Z||||||eng
040 ## - CATALOGING SOURCE
Original cataloging agency MAIN
041 ## - LANGUAGE CODE
-- English
082 ## - DEWEY DECIMAL CLASSIFICATION NUMBER
Classification number 900 GUP
100 ## - MAIN ENTRY--PERSONAL NAME
Personal name GUPTA , A DAS .
245 ## - TITLE STATEMENT
Title PHYSICAL GEOGRAPHY
260 ## - PUBLICATION, DISTRIBUTION, ETC.
Place of publication, distribution, etc. NEW DELHI
Name of publisher, distributor, etc. S.CHAND & COMPANY
Date of publication, distribution, etc. 1983
300 ## - PHYSICAL DESCRIPTION
Extent 425.
700 ## - ADDED ENTRY--PERSONAL NAME
Personal name KAPUR , A.N .
942 ## - ADDED ENTRY ELEMENTS (KOHA)
Koha item type Books
653 ## - INDEX TERM--UNCONTROLLED
Uncontrolled term History & geography
Holdings
Withdrawn status Lost status Damaged status Not for loan Collection code Home library Current library Shelving location Date acquired Full call number Barcode Date last seen Copy number Price effective from Koha item type Public note
        REFGEO Central Library and Information Centre Sibsagar Girls College Central Library and Information Centre Sibsagar Girls College GEOGRAPHY BOOK RACK 19.08.1980 900 GUP 06975 27.02.2020 1 27.02.2020 Books V


Sibsagar Girl's College © 2020. All rights reserved.
Powered by Koha.
Maintained by Abhijit Borpuzari.